|
|
|
|
| LEADER |
00000nab a2200000 a 4500 |
| 001 |
vtls000041276 |
| 003 |
SK-MaSNL |
| 005 |
20260305042432.0 |
| 008 |
250422c1979 xo 0 slo |
| 015 |
|
|
|a SNBRB19rr/mm-uuuuu
|
| 035 |
|
|
|a CL0051371
|
| 035 |
|
|
|a urn:nbn:sk:snk-ab2ici
|
| 035 |
|
|
|a (urnnbn)urn:nbn:sk:snk:ar-a02gpj
|
| 035 |
|
|
|a (uuid)e4323f71-9028-42f0-abee-fe601f7990f3
|
| 040 |
|
|
|a SNKBUCL
|b slo
|c SNKBUCL
|e AACR2
|
| 041 |
0 |
|
|a cze
|
| 044 |
|
|
|a xo
|c SK
|
| 080 |
|
|
|a 69
|2 1981
|
| 080 |
|
|
|a 338.3
|2 1981
|
| 080 |
|
|
|a 681.3
|2 1981
|
| 100 |
1 |
|
|a Kunc, Zdeněk
|4 aut
|9 682391
|
| 245 |
1 |
0 |
|a Automatizace tvorby návrhu výrobního programu resortu
|c Zdeněk Kunc, Karel Hereš
|
| 300 |
|
|
|b Tb. 3.
|
| 650 |
0 |
7 |
|a stavebníctvo
|2 snkbucl
|9 726
|
| 650 |
0 |
7 |
|a automatizácia
|2 snkbucl
|9 1428
|
| 655 |
|
7 |
|a články z novín a časopisov
|2 snkbucl
|9 267496
|
| 700 |
1 |
|
|a Hereš, Karel
|4 aut
|9 960988
|
| 773 |
0 |
|
|t Ekonomika stavebníctva
|g Roč. 14, č. 8 (1979), s. 248-250
|
| 850 |
|
|
|a Slovenská národná knižnica
|
| 852 |
|
|
|a Slovenská národná knižnica
|
| 954 |
|
|
|a odborná, vedecká literatúra cudzojazyčná (svetová)
|2 lita
|
| 958 |
|
|
|a article27
|
| 958 |
|
|
|a RK
|
| 958 |
|
|
|a CZ
|
| 958 |
|
|
|a OND
|
| 958 |
|
|
|a EUIPO
|
| 992 |
|
|
|a RBX
|
| 999 |
|
|
|c 3349087
|d 3351017
|